La poesía de Manuel Pacheco / (Record no. 13078)
[ view plain ]
| 000 -LEADER | |
|---|---|
| campo de control de longitud fija | 00820nam a2200241 i 4500 |
| 001 - NÚMERO DE CONTROL | |
| campo de control | 13078 |
| 003 - IDENTIFICADOR DE NÚMERO DE CONTROL | |
| campo de control | ES-MaACL |
| 005 - FECHA Y HORA DE LA ÚLTIMA TRANSACCIÓN | |
| campo de control | 20250630001356.0 |
| 007 - CAMPO FIJO DE DESCRIPCIÓN FÍSICA--INFORMACIÓN GENERAL | |
| campo de control de longitud fija | t| |
| 008 - DATOS DE LONGITUD FIJA--INFORMACIÓN GENERAL | |
| campo de control de longitud fija | 921021s1985 sp ||||0| spa d |
| 020 ## - NÚMERO INTERNACIONAL ESTÁNDAR DEL LIBRO | |
| Número Internacional Estándar del Libro | 84-505-1108-9 |
| 080 ## - NÚMERO DE LA CLASIFICACIÓN DECIMAL UNIVERSAL | |
| Número de la Clasificación Decimal Universal | 860 Pacheco, Manuel 1.06 |
| 100 1# - ENTRADA PRINCIPAL--NOMBRE DE PERSONA | |
| Nombre de persona | Manzano González, Raquel. |
| 9 (RLIN) | 76225 |
| 245 13 - MENCIÓN DEL TÍTULO | |
| Título | La poesía de Manuel Pacheco / |
| Mención de responsabilidad, etc. | Raquel Manzano González. |
| 260 ## - PUBLICACIÓN, DISTRIBUCIÓN, ETC. | |
| Lugar de publicación, distribución, etc. | Badajoz : |
| Nombre del editor, distribuidor, etc. | Diputación Provincial, |
| Fecha de publicación, distribución, etc. | 1985. |
| 300 ## - DESCRIPCIÓN FÍSICA | |
| Extensión | 153 p. ; |
| Dimensiones | 24 cm. |
| 490 1# - MENCIÓN DE SERIE | |
| Mención de serie | Colección "Rodríguez Moñino" ; |
| Designación de volumen o secuencia | 2 |
| 600 14 - PUNTO DE ACCESO ADICIONAL DE MATERIA--NOMBRE DE PERSONA | |
| Nombre de persona | Pacheco, Manuel- |
| Subdivisión de forma | Crítica e interpretación. |
| 9 (RLIN) | 88128 |
| 710 1# - ENTRADA AGREGADA--NOMBRE DE ENTIDAD CORPORATIVA | |
| Nombre de entidad corporativa o nombre de jurisdicción como elemento de entrada | Badajoz (Provincia). |
| Unidad subordinada | Diputación Provincial |
| 9 (RLIN) | 2081 |
| 830 0# - PUNTO DE ACCESO ADICIONAL DE SERIE-TÍTULO UNIFORME | |
| Título uniforme | Colección "Rodríguez Moñino" ; |
| Designación de volumen o secuencia | 2 |
| 9 (RLIN) | 179374 |
| 852 ## - LOCALIZACIÓN | |
| Ubicación | ES-MaACL |
| Número de control de estantería | L-20426 |
| Sublocalización o colección | R.113607 |
| Estatus retirado | Estado de pérdida | Estado de daño | No para préstamo | Biblioteca de origen | Biblioteca actual | Ubicación en estantería | Fecha de adquisición | Fuente de adquisición | Total de préstamos | Signatura topográfica completa | Código de barras | Visto por última vez | Precio de reemplazo | Tipo de ítem Koha |
|---|---|---|---|---|---|---|---|---|---|---|---|---|---|---|
| Biblioteca del Ateneo de Madrid | Biblioteca del Ateneo de Madrid | Depósito 2 | 17/01/2008 | L-20426 | 1013318 | 23/02/2023 | 23/02/2023 | Libro impreso |
